书目信息 |
| 题名: |
刑法学核心知识点精解
|
|
| 作者: | 刘艳红 , 杜宇 主编 | |
| 分册: | ||
| 出版信息: | 北京 中国人民大学出版社 2025.05 |
|
| 页数: | 11,651页 | |
| 开本: | 26cm | |
| 丛书名: | ||
| 单 册: | ||
| 中图分类: | D924.01-43 | |
| 科图分类: | ||
| 主题词: | 中华人民共和国刑法--法的理论--高等学校--教材 | |
| 电子资源: | ||
| ISBN: | 978-7-300-33618-3 | |
| 000 | 01086nam0 2200265 450 | |
| 001 | 01115600 | |
| 005 | 20251022170130.45 | |
| 010 | @a978-7-300-33618-3@dCNY128.00 | |
| 100 | @a20250714d2025 em y0chiy0120 ea | |
| 101 | 0 | @achi |
| 102 | @aCN@b110000 | |
| 105 | @aa z 000yy | |
| 106 | @ar | |
| 200 | 1 | @a刑法学核心知识点精解@9xing fa xue he xin zhi shi dian jing jie@f刘艳红,杜宇主编 |
| 210 | @a北京@c中国人民大学出版社@d2025.05 | |
| 215 | @a11,651页@c图@d26cm | |
| 300 | @a法学核心课程系列辅助教材 | |
| 330 | @a本书是一部讲解刑法学核心知识点的辅助教材,作者按照刑法学自身的学科体系和内在逻辑,围绕以马克思主义理论研究和建设工程重点教材材《刑法学》(上册总论)(下册各论)为主流的刑法学教材的核心知识点展开解析,梳理了主流的刑法学教材的知识,精选和列举了相关参考文献,并辅以必要的案例研习和同步练习以及延伸阅读。 | |
| 606 | 0 | @a中华人民共和国刑法@x法的理论@x高等学校@j教材 |
| 690 | @aD924.01-43@v5 | |
| 696 | @aD924.01-43@v5 | |
| 701 | 0 | @a刘艳红@9liu yan hong@4主编 |
| 701 | 0 | @a杜宇@9du yu@4主编 |
| 801 | 0 | @aCN@c20250910 |
| 905 | @a河南城建学院图书馆@dD924.01@eL702@ZL702@f1 | |
| 刑法学核心知识点精解/刘艳红,杜宇主编.-北京:中国人民大学出版社,2025.05 |
| 11,651页:图;26cm |
| 法学核心课程系列辅助教材 |
| ISBN 978-7-300-33618-3:CNY128.00 |
| 本书是一部讲解刑法学核心知识点的辅助教材,作者按照刑法学自身的学科体系和内在逻辑,围绕以马克思主义理论研究和建设工程重点教材材《刑法学》(上册总论)(下册各论)为主流的刑法学教材的核心知识点展开解析,梳理了主流的刑法学教材的知识,精选和列举了相关参考文献,并辅以必要的案例研习和同步练习以及延伸阅读。 |
| ● |
| 相关链接 |
|
|
|
正题名:刑法学核心知识点精解
索取号:D924.01/L702
 
预约/预借
| 序号 | 登录号 | 条形码 | 馆藏地/架位号 | 状态 | 备注 |
| 1 | 1634078 | 216340788 | 社科库509/509社科库 62排9列5层/ [索取号:D924.01/L702] | 在馆 |